| 000 | 004260000a22001210004500 | ||
|---|---|---|---|
| 773 | 0 | _tPerfiles: revista de la comunidad académica UDES | |
| 100 | 1 | _aDe Miguel Fernández, Enrique | |
| 245 | 1 | 0 | _a400 años del Quijote |
| 300 | _aVol.0, núm.2 ( , 2005), Páginas 74-81 | ||
| 520 | _aEl Quijote en el siglo XVII, El siglo XVIII, El siglo XIX, El siglo XX | ||
| 650 | 1 | 4 | _aLITERATURA-EL QUIJOTE-MIGUEL DE CERVANTES |
| 942 | _cANA | ||
| 999 |
_c62576 _d62576 |
||